|
|
|
|
| LEADER |
00000nam2a2200000 4500 |
| 001 |
195701 |
| 005 |
20231101224638.0 |
| 035 |
|
|
|a (RuTPU)RU\TPU\book\213514
|
| 035 |
|
|
|a RU\TPU\book\212362
|
| 090 |
|
|
|a 195701
|
| 100 |
|
|
|a 20110513d1968 k y0rusy50 ca
|
| 101 |
0 |
|
|a rus
|
| 102 |
|
|
|a RU
|
| 105 |
|
|
|a a z 011zb
|
| 200 |
0 |
|
|a Том 17
|f под ред. В. А. Ефимова
|
| 210 |
|
|
|d 1968
|
| 215 |
|
|
|a 276 с.
|c ил.
|
| 320 |
|
|
|a Библиогр. в конце ст.
|
| 320 |
|
|
|a Аннотации статей, помещенных в сборнике (на английском языке): с. 264-272.
|
| 461 |
|
1 |
|0 (RuTPU)RU\TPU\book\213513
|t Сборник трудов Всесоюзного научно-исследовательского института гидролиза растительных материалов (ВНИИГидролиз)
|f Всесоюзный научно-исследовательский институт гидролиза растительных материалов (ВНИИГидролиз)
|v Том 17
|d 1968-1989
|
| 600 |
|
1 |
|a Андреев
|b К. П.
|c крупнейший специалист гидролизной промышленности
|c доктор технических наук, начальник лаборатории дрожжевого производства ВНИИГС
|f 1906-1968
|g Константин Петрович
|2 stltpush
|3 (RuTPU)RU\TPU\pers\28230
|9 13183
|
| 610 |
1 |
|
|a растительные отходы
|
| 610 |
1 |
|
|a гидролиз
|
| 610 |
1 |
|
|a технология
|
| 610 |
1 |
|
|a полисахариды
|
| 610 |
1 |
|
|a сульфитный щелок
|
| 610 |
1 |
|
|a фурфурол
|
| 610 |
1 |
|
|a гидролизное производство
|
| 610 |
1 |
|
|a дрожжевое производство
|
| 610 |
1 |
|
|a фурфурольное производство
|
| 610 |
1 |
|
|a целлюлоза
|
| 610 |
1 |
|
|a лигнины
|
| 610 |
1 |
|
|a глюкоза
|
| 610 |
1 |
|
|a очистка
|
| 610 |
1 |
|
|a сточные воды
|
| 675 |
|
|
|a 630.8
|v 3
|
| 702 |
|
1 |
|a Ефимов
|b В. А.
|4 340
|
| 801 |
|
1 |
|a RU
|b 63413507
|c 20110411
|
| 801 |
|
2 |
|a RU
|b 63413507
|c 20131002
|g RCR
|
| 942 |
|
|
|c BK
|